000 00940nam a2200277 a 4500
003 MX-MxUPN
005 20240524063655.0
008 190617s1997 mx r 000 0 spa d
020 _a9701809696
035 _aUPN01000231367
040 _aMX-MxUPN
_bspa
_cMX-MxUPN
041 0 _aspa
050 1 4 _aLB1578.353 H63
_bT74 1997
100 1 _aTrejo González, María Luisa
_939017
100 1 _aTrejo González, Cirila
_952040
245 1 0 _aÑhó dega ñhóñhó de maxei :
_blengua hñahñú, Tolimán, Querétaro : tercer grado
250 _aSegunda edición.
260 _aMéxico, D.F. :
_bSecretaría de Educación Pública,
_c1997.
300 _a199 páginas :
_bilustraciones
650 4 _aCartilla hñahñu
_97969
650 4 _aIndígenas de México
_zQuerétaro
_xLenguas
_924939
650 4 _aHñahñu
_xEstudio y enseñanza (Elemental)
_920468
902 _aVíctor Ruiz/230524
942 _2lcc
_cLIBRO
999 _c203462
_d203462